上毛かるた - Statistics

General Stats
  • This quiz has been taken 119 times
    108 since last reset
  • The average score is 16 of 44
Answer Stats
読み札 % Correct
つるかたち群馬県ぐんまけん
88%
伊香保温泉いかほおんせん日本にほん名湯めいとう
53%
浅間あさまのいたずらおに押出おしだ
51%
こころ燈台とうだい内村鑑三うちむらかんぞう
48%
碓氷峠うすいとうげ関所跡せきしょあと
47%
関東かんとう信越しんえつつなぐ高崎市たかさきし
47%
桐生きりゅう日本にほんはたどころ
45%
力合ちからあわせる百九十万ひゃくきゅうじゅうまん
43%
ほこ文豪ぶんごう田山花袋たやまかたい
41%
和算わさん大家たいか関孝和せきこうわ
41%
県都前橋けんとまえばし生糸いとまち
40%
縁起えんぎだるまの少林山しょうりんざん
39%
太田金山おおたかなやま子育呑龍こそだてどんりゅう
37%
分福茶釜ぶんぶくちゃがま茂林寺もりんじ
37%
のちりあら四万温泉しまおんせん
37%
ねぎとこんにゃく下仁田名産しもにためいさん
36%
三波石さんばせきとも名高なだか冬桜ふゆざくら
36%
そろいの仕度したく八木節音頭やぎぶしおんど
35%
ループで名高なだか清水しみずトンネル
35%
たき吹割ふきわれ片品渓谷かたしなけいこく
33%
利根とね坂東一ばんどういちかわ
32%
まゆ生糸きいと日本一にほんいち
32%
水上みなかみ谷川たにがわスキーと登山とざん
32%
らい空風からっかぜ義理人情ぎりにんじょう
32%
中仙道なかせんどうしのぶ安中杉並木あんなかすぎなみき
31%
しのぶくに二子塚ふたごづか
31%
歴史れきし名高なだか新田義貞にったよしさだ
31%
労農ろうのう船津伝次平ふなつでんじべい
29%
のぼ榛名はるなのキャンプむら
29%
平和へいわ使徒つかい新島襄にいじまじょう
29%
紅葉もみじえる妙義山みょうぎさん
29%
むかしかた多胡たご古碑こひ
29%
沼田城下ぬまたじょうか塩原太助しおばらたすけ
28%
銘仙織出めいせんおりだ伊勢崎市いせさきし
28%
耶馬渓やばけいしのぐ吾妻峡あがつまきょう
28%
草津くさづよいとこくすり温泉いでゆ
28%
天下てんか義人ぎじん茂左衛門もざえもん
28%
理想りそう電化でんか電源群馬でんげんぐんま
28%
裾野すそのなが赤城山あかぎさん
27%
日本にほん最初さいしょ富岡製糸とみおかせいし
27%
白衣観音びゃくいかんのん慈悲じひ御手みて
27%
仙境尾瀬沼せんきょうおぜぬまはなはら
25%
花山公園はなやまこうえんつつじの名所めいしょ
24%
ゆかりはふる貫前神社ぬきさきじんじゃ
24%
No matching quizzes found
Score Distribution
Percent of People with Each Score
Percentile by Number Answered
Your Score History
You have not taken this quiz since the last reset